00816nas a2200229Ia 4500001001100000003000900011008004100020040001300061040001300074041001300087100004300100210001700143222001700160245006600177250001100243260002600254501008600280300001700366362003400383500013300417650003600550R018/42775IT-RoPAU151124c99999999xx |||||||||||| ||und|| aIT-RoPAU cIT-RoPAU aFRANCESE aBigle GeraldgCodice Aut. SPICS: 21977 aFILM ECHANGE aFilm Echange aFILM ECHANGE, ANNO 05-N.17 (INVERNO 1982)bGel Des Films (Le) a1a ed. aPARISbS.E.P.P.c1982 bPaulus - SPICS - Società San Paolo EM (non-commercial uses only)cCopyright2015 a6 p. [21-26] aANNO 005, N.17 (INVERNO 1982) aCongelamento dei Diritti dei Film. Prerogative degli Autori. Proprietà della Pellicola. Ostacoli Esterni Ai Diritti D'Autore. aCINEMAvPUBBLICAZIONE PERIODICA